000 00479nam a2200181Ia 4500
005 20250603145048.0
008 250603s9999 xx 000 0 und d
020 _a9781032127521
050 _aD 79 .H36/
100 _aEdited by Konur, Ozcan
245 0 _aHandbook of bioethanol fuels: feedstock-based bioethanol fuels I
260 _aBoca Raton
260 _bCRC Press
260 _c2024
300 _axxiv, 426p. :ill. ; 26cm.
650 _aBoca Raton
942 _cBK
999 _c40756
_d40756